00840nam a2200253 a 450000100060000000300080000600500170001400800410003103500190007204000280009104100080011908200200012710000480014724500480019525000120024326000560025530000340031150000310034550000200037665000320039694200120042899900170044095201290045751008BD-RjUL20211209075610.0160829s1945 nyua 001 0 eng d a(BD-RjUL)51128 aPITcMIAdPITdEQObeng aeng a516.3bMIA 19451 aMiddlemiss, Ross R.q(Ross Raymond)915262310aAnalytic geometry /cby Ross R. Middlemiss. a1st ed. aNew York ;aLondon :bMcGraw-Hill Book Co.,cc1945. avii, 306 p. :bill. ;c24 cm. a"Answers": (p. [299]-306). aIncludes index. 0aGeometry, Analytic.9152624 2ddccBK c51008d51008 00102ddc40708NFICaRUCLbRUCLcStackd1964-09-22eAustralial0o516.3 MIA 1945r2016-08-29 00:00:00tC-2w2021-12-09yBK